000 00308nam a2200121Ia 4500
008 190216s9999||||xx |||||||||||||| ||und||
100 _aEdward Sapir
245 0 _aLangauge An Introduction To The Study Of Speech
260 _bA Harvest Book
_c1949
300 _a242p
650 _aEnglish Story
942 _cBK
999 _c12239
_d12239